Participación ciudadana institucionalizada:análisis de los marcos legales de la participación en América latina /

El objetivo de este artículo es describir los principios y mecanismos de participación ciudadana en las constituciones y en las leyes nacioanles de participación ciudadana para encontrar, por medio de un análisis discursivo, los sentidos implícitos d ela participación y cómo estos adquieren material...

Fuld beskrivelse

Guardado en:
Bibliografiske detaljer
Hovedforfatter: Hevia de la Jara, Felipe
Format: Texto
Fag:
Tags: Tilføj Tag
Ingen Tags, Vær først til at tagge denne postø!

MARC

LEADER 00000 a a2200000 04500
001 42362
003
040
100 |a Hevia de la Jara, Felipe  
245 |a Participación ciudadana institucionalizada:análisis de los marcos legales de la participación en América latina /  |c Felipe Hevia de la Jara  
520 |a El objetivo de este artículo es describir los principios y mecanismos de participación ciudadana en las constituciones y en las leyes nacioanles de participación ciudadana para encontrar, por medio de un análisis discursivo, los sentidos implícitos d ela participación y cómo estos adquieren materialidad en dispositivos específicos. El corpus de investigación lo componen 19 países de América Latina.  
650 |a PARTICIPACION SOCIAL  
650 |a CIUDADANA  
650 |a LEGISLACION  
650 |a ANALISIS DE DISCURSO  
650 |a CONSTITUCIONES  
650 |a AMERICA LATINA  
773 |g páginas 367-395  
999 |c 33957  |d 33957